El cristianismo en el tercer reich : (Record no. 94110)

MARC details
000 -LEADER
campo de control de longitud fija 01125cam a2200325M 4500
001 - NÚMERO DE CONTROL
campo de control 46284
005 - FECHA Y HORA DE LA ÚLTIMA TRANSACCIÓN
campo de control 20230410142342.0
008 - DATOS DE LONGITUD FIJA--INFORMACIÓN GENERAL
campo de control de longitud fija 890823s1941 ag f a 000 0 spa c
010 ## - NÚMERO DE CONTROL DE LA BIBLIOTECA DEL CONGRESO
Número de control de LC a 41004410
035 ## - NÚMERO DE CONTROL DEL SISTEMA
Número de control de sistema (OCoLC)ocm23702701
040 ## - FUENTE DE CATALOGACIÓN
Centro catalogador/agencia de origen EYM
Centro/agencia transcriptor EYM
Centro/agencia modificador OCLCQ
035 ## - NÚMERO DE CONTROL DEL SISTEMA
Número de control de sistema (OCoLC)23702701
043 ## - CÓDIGO DE ÁREA GEOGRÁFICA
Código de área geográfica e-gx---
050 14 - SIGNATURA TOPOGRÁFICA DE LA BIBLIOTECA DEL CONGRESO
Número de clasificación BX 1536
Número de ítem C933 1941
082 00 - NÚMERO DE LA CLASIFICACIÓN DECIMAL DEWEY
Número de clasificación 261.70943
049 ## - FONDOS LOCALES (OCLC)
Biblioteca depositaria GRAL
245 03 - MENCIÓN DEL TÍTULO
Título El cristianismo en el tercer reich :
Resto del título hechos y documentos relativos a las condiciones de la iglesia católica en al Alemania actual.
260 ## - PUBLICACIÓN, DISTRIBUCIÓN, ETC.
Lugar de publicación, distribución, etc. Buenos Aires :
Nombre del editor, distribuidor, etc. Editorial "La Verdad",
Fecha de publicación, distribución, etc. 1941.
300 ## - DESCRIPCIÓN FÍSICA
Extensión 2 v.
Otras características físicas plates.
Dimensiones 20 cm.
500 ## - NOTA GENERAL
Nota general At head of title: Testis fidelis.
500 ## - NOTA GENERAL
Nota general English translation (London, Burns, Oates) has title: The persecution of the Catholic church in the third reich.
500 ## - NOTA GENERAL
Nota general Translation of Der Todfeind des Christentums.
610 20 - PUNTO DE ACCESO ADICIONAL DE MATERIA--NOMBRE DE ENTIDAD CORPORATIVA
Nombre de entidad corporativa o nombre de jurisdicción como elemento de entrada Catholic Church
Subdivisión geográfica Germany.
650 #0 - PUNTO DE ACCESO ADICIONAL DE MATERIA--TÉRMINO DE MATERIA
Término de materia o nombre geográfico como elemento de entrada Church and state
Subdivisión geográfica Germany
Subdivisión general History
Subdivisión cronológica 1933-1945.
650 #0 - PUNTO DE ACCESO ADICIONAL DE MATERIA--TÉRMINO DE MATERIA
Término de materia o nombre geográfico como elemento de entrada National socialism.
730 0# - ASIENTO SECUNDARIO--TITULO UNIFORME
Título uniforme Testis fidelis.
942 ## - ELEMENTOS DE ENTRADA SECUNDARIOS (KOHA)
Fuente del sistema de clasificación o colocación Clasificación de Library of Congress
Tipo de ítem Koha
946 ## - PROCESAMIENTO DE INFORMACIÓN LOCAL (OCLC)
a mfcruz
994 ## -
-- C0
-- DRFGD
Holdings
Estatus retirado Estado de pérdida Fuente del sistema de clasificación o colocación Estado de daño No para préstamo Colección Biblioteca de origen Biblioteca actual Ubicación en estantería Fecha de adquisición Serial enumeration / chronology Signatura topográfica completa Código de barras Visto por última vez Copia número Tipo de ítem Koha
    Clasificación de Library of Congress     Humanidades Biblioteca Juan Bosch Biblioteca Juan Bosch Humanidades (4to. Piso) 10/04/2023 t.2 | 1 BX 1536 C933 1941 00000046951 17/11/2018 1